The making of criminal law norms in welfare states economic crime in West Germany

Saved in:  
Bibliographic Details
Main Author: Savelsberg, Joachim Josef 1951- (Author)
Format: Print Article
Language:English
Published: 1987
In: Law & society review
Year: 1987, Volume: 21, Issue: 4, Pages: 529-561
Check availability: HBZ Gateway
Keywords:

MARC

LEADER 00000caa a22000002c 4500
001 1631411004
003 DE-627
005 20220607125419.0
007 tu
008 130313s1987 xx ||||| 00| ||eng c
035 |a (DE-627)1631411004 
035 |a (DE-576)379932563 
035 |a (DE-599)BSZ379932563 
040 |a DE-627  |b ger  |c DE-627  |e rakwb 
041 |a eng 
100 1 |a Savelsberg, Joachim Josef  |d 1951-  |0 (DE-588)172354293  |0 (DE-627)673390780  |0 (DE-576)162869525  |4 aut 
109 |a Savelsberg, Joachim Josef 1951-  |a Savelsberg, Joachim J. 1951- 
245 1 4 |a The making of criminal law norms in welfare states economic crime in West Germany  |c Joachim J. Savelsberg 
264 1 |c 1987 
336 |a Text  |b txt  |2 rdacontent 
337 |a ohne Hilfsmittel zu benutzen  |b n  |2 rdamedia 
338 |a Band  |b nc  |2 rdacarrier 
773 0 8 |i In  |t Law & society review  |d Amherst, Mass. : Assoc., 1966  |g 21(1987), 4, Seite 529-561  |w (DE-627)130438685  |w (DE-600)700350-X  |w (DE-576)015933008  |x 0023-9216  |7 nnas 
773 1 8 |g volume:21  |g year:1987  |g number:4  |g pages:529-561 
951 |a AR 
ELC |b 1 
LOK |0 000 xxxxxcx a22 zn 4500 
LOK |0 001 3282142676 
LOK |0 003 DE-627 
LOK |0 004 1631411004 
LOK |0 005 20260302085606 
LOK |0 008 130313||||||||||||||||ger||||||| 
LOK |0 040   |a DE-21-110  |c DE-627  |d DE-21-110 
LOK |0 689   |a s  |a Normgeneseforschung 
LOK |0 689   |a s  |a Wirtschaftsstrafrecht 
LOK |0 689   |a s  |a Strafrechtsreform 
LOK |0 852   |z Kein Bestand am IfK; Nachweis für KrimDok 
LOK |0 852   |a DE-21-110 
LOK |0 852 1  |m v  |9 00 
LOK |0 935   |a k110 
LOK |0 938   |k v 
LOK |0 939   |a 13-03-13  |b l01 
ORI |a WA-MARC-krimdoka001.raw